Inside out ; Upper intermediate: Work book

Bewaard in:
Bibliografische gegevens
Hoofdauteur: Philip Kerr
Formaat: Boek
Taal:Undetermined
Gepubliceerd in: Oxford Macmillan 2001
Onderwerpen:
Tags: Voeg label toe
Geen labels, Wees de eerste die dit record labelt!
Thư viện lưu trữ: Trung tâm Học liệu Trường Đại học Cần Thơ
LEADER 00538nam a2200205Ia 4500
001 CTU_65311
008 210402s9999 xx 000 0 und d
020 |b 65000 
082 |a 428.34 
082 |b K41wu 
100 |a Philip Kerr 
245 0 |a Inside out ; Upper intermediate: Work book 
245 0 |c Philip Kerr 
260 |a Oxford 
260 |b Macmillan 
260 |c 2001 
650 |a english language 
650 |x textbooks for foreign speakers 
904 |i Năm 
980 |a Trung tâm Học liệu Trường Đại học Cần Thơ